Statystyki dla gminy: Legionowo - Wołomin - Nowy Dwór Mazowiecki

Kliknij tutaj aby rozwiązać quiz!

Ogólne statystyki

  • Ten quiz został rozwiązany 27 razy
  • Średni wynik to 11 z 23

Statystyki odpowiedzi

HintOdpowiedź% Poprawnych
LegionowskiLegionowo
93%
NowodworskiNowy Dwór Mazowiecki
93%
WołomińskiWołomin
93%
LegionowskiJabłonna
67%
WołomińskiZielonka
63%
WołomińskiMarki
59%
LegionowskiSerock
59%
WołomińskiZąbki
59%
NowodworskiZakroczym
56%
WołomińskiKobyłka
52%
NowodworskiNasielsk
52%
LegionowskiNieporęt
52%
LegionowskiWieliszew
52%
WołomińskiRadzymin
48%
NowodworskiCzosnów
44%
NowodworskiLeoncin
44%
NowodworskiPomiechówek
41%
WołomińskiTłuszcz
37%
WołomińskiJadów
19%
WołomińskiPoświętne
15%
WołomińskiKlembów
11%
WołomińskiDąbrówka
7%
WołomińskiStrachówka
7%

Rozkład punktacji

Percentyl według liczby udzielonych odpowiedzi

Procent ludzi z każdym wynikiem

Twoja historia wyników

Nie rozwiązałeś tego quizu